000 00602nam a2200193Ia 4500
001 19857
003 GE_BSU
008 181216s||||||||xx |||||||||||||| ||und||
040 _cGE_BSU
245 _aAmerican political Science Review:Volume 110,Number №3, August 2016: Table of Contents.
245 _cLEAD EDITOR:John Ishiyama
260 _aNew York
260 _c2016
300 _a615p;ill;27cm.
653 _aAmerican political Science Review:Volume 110,Number №3,August 2016: Table of Contents.
653 _aნაჩუქარი
653 _aპერიოდიკა
942 _cCR
999 _c52827
_d52827